000 00593nmc a2200217 a 4500
003 AR-BaBNM
005 20251128211743.0
008 156020s2001 ||||||||||||||000 | spa||
020 _a950-518-182-5
040 _cAR-BaBNM
100 1 _aShotter, John
245 1 0 _aRealidades conversacionales
_bla construcción de la vida a través del lenguaje
260 _aBuenos Aires
_bAmorrortu
_c2001
300 0 _a291 p.
490 0 _aBiblioteca de sociología
650 4 _aCOMUNICACION SOCIAL
650 4 _aSOCIOLINGUISTICA
650 4 _aSOCIOLOGIA
942 _cBK
998 _cme-solo cat
999 _c20961
_d20961